| Tag |
First Indicator |
Second Indicator |
Subfields |
| LEADER |
00000cam a2200000 a 4500 |
| 001 |
in00000516821 |
| 005 |
20151013074215.0 |
| 008 |
721221s1958 txuab b 00000 eng d |
| 035 |
|
|
|a (OCoLC)00522523
|
| 035 |
|
|
|9 ACE6599AM
|
| 040 |
|
|
|a MRC
|c MRC
|d TXA
|d UtOrBLW
|
| 049 |
|
|
|a TXAM
|c [1275295]
|
| 090 |
|
|
|a QE168.P3
|b N6 1958
|
| 110 |
2 |
|
|a North Texas Geological Society.
|
| 245 |
1 |
2 |
|a A guide to the strawn & canyon series of the Pennsylvanian system in Palo Pinto County, Texas /
|c [editor, W.C. Hamilton, Jr.].
|
| 264 |
|
1 |
|a Wichita Falls, Tex. :
|b North Texas Geological Society,
|c [1958]
|
| 300 |
|
|
|a 58 pages :
|b illustrations, maps ;
|c 28 cm.
|
| 336 |
|
|
|a text
|b txt
|2 rdacontent
|
| 337 |
|
|
|a unmediated
|b n
|2 rdamedia
|
| 338 |
|
|
|a volume
|b nc
|2 rdacarrier
|
| 490 |
1 |
|
|a An Occasional publication of the North Texas Geological Society
|
| 500 |
|
|
|a Cover-title.
|
| 500 |
|
|
|a Maps folded in pocket.
|
| 500 |
|
|
|a Prepared for the regional meeting: American Association of Petroleum Geologists [and] Southwestern Federation of Geological Societies, Mineral Wells, Texas, October 22-25, 1958.
|
| 504 |
|
|
|a Includes bibliographies.
|
| 650 |
|
0 |
|a Geology
|z Texas
|z Palo Pinto County.
|
| 700 |
1 |
|
|a Hamilton, W. C.
|
| 830 |
|
0 |
|a Occasional publication of the North Texas Geological Society.
|
| 999 |
|
|
|a MARS
|
| 999 |
f |
f |
|s 20723a20-3707-31ab-9242-0d66a053f4a5
|i e784681c-3750-333e-8b82-38923f461af7
|t 0
|
| 952 |
f |
f |
|p ric
|a Texas A&M University
|b Rellis Campus
|c Joint Library Facility
|s JLF
|d Remote Storage
|t 0
|e QE168.P3 N6 1958
|h Library of Congress classification
|i unmediated -- volume
|m A14807912239
|
| 998 |
f |
f |
|a QE168.P3 N6 1958
|t 0
|l Remote Storage
|